Precedentes de observancia obligatoria en materia de defensa de la competencia (Registro nro. 25313)

Detalles MARC
000 -Cabecera
Campo de control interno 00558nam a2200181Ia 4500
005 - Fecha y hora del registro
control field 20260414151141.0
008 - Elementos de Longitud Fija
fixed length control field 260414t1999||||xx |||||||||||||| ||spa||
041 ## - Idioma
Codigo Idioma ESP
082 ## - DEWEY y NOTACIÓN INTERNA
Dewey 346.46
Notación Interna I59P
110 ## - AUTOR INSTTITUCIONAL
Autor Institucional Instituto Nacional de Defensa de la Competencia y de la Protección de la Propiedad Intelectual (Perú)
245 #0 - TÍTULO DE MATERIAL BIBLIOGRÁFICO
Título Precedentes de observancia obligatoria en materia de defensa de la competencia
Título paralelo
260 ## - CIUDAD, EDITORIAL, AÑO
Año 1999
300 ## - DESCRIPCIÓN
N° Páginas 652 páginas :
Dimensiones 23 cm.
650 ## - TEMAS
Temas Derecho
654 ## - PROGRAMAS
Programa Dpto. de Derecho y Ciencia Política
942 ## - ELEMENTOS DE KOHA
Tipo de documento Libro
Nombre del creador Justo Noguera
Código de catalogador Justo Noguera
Esquema de clasificación Dewey Decimal Classification
Suppress in OPAC
Existencias
Codigo completo Registro Colección Copia número Disponibilidad Tipo de préstamo Biblioteca Actual Procedencia (Biblioteca) Ubicacón Fecha Ingreso Tipo de Adquisición Date last seen Total checkouts Price effective from Tipo de Item Estado del Material Damaged status Withdrawn status
346.46 I59P U0003323 Universidad Católica San Pablo 1 Disponible Disponible Víctor Andrés Belaunde Víctor Andrés Belaunde Primer piso 14/04/2026 Compra 14/04/2026   14/04/2026 Libro Bueno